01018nam a2200313Ia 450000500170000000800410001702000180005804100080007610000430008424500650012725000180019230000250021049000130023550000550024853400130030365000360031665000400035265000390039265000350043165000440046694200150051026400300052533600270055533700330058233800280061504000350064308400110067899900150068920220317001841.0170410s2008 s g 000 f s  a9788483831434 aspa1 aLe Clézio, Jean-Marie Gustaved1940-10aDesiertocJ.M.G. Le Clézio ; traducción de Alberto Conde a1a. edición a403 páginasc21 cm aAndanzas aIncluye datos biográficos del autor en la solapa tDésert142LEMBaNovela francesaySiglo XX142LEMBaLiteratura francesaySiglo XX142LEMBaInmigrantes en la literatura142LEMBaMujeres en la literatura142LEMBaMujeresvVida social y costumbres 2loccBKLIT aBarcelonabTusquetsc2008 atextobtxt2rdacontent asin mediaciónbn2rdamedia avolumenbnc2rdacarrier aCO-BoRNBPbspaerdacCO-BoRNBP aN LEC3 c8307d8307